• 首页
  • 本馆介绍
  • 公告通知
  • 最新文献
  • 馆藏检索
  • 电子资源
  • 读者导购
  • 参考咨询
  • 我的图书馆
  • 登录
  • 详细信息显示
  • 放入我的书架
  • 预约/预借图书
  • 作者相关作品
  • 分类相关作品
  • 丛书相关作品
  • 出版社相关作品

书目信息

  • 表格格式
  • 工作单格式
  • 卡片格式
题名:
专门档案管理
    
 
作者: 王英玮 主编
分册:  
出版信息: 北京   中国人民大学出版社  2010
页数: 372页
开本: 23cm
丛书名:
单 册:
中图分类: G275.9
科图分类:
主题词: 档案--档案管理--高等教育--教材 , 档案 , 档案管理
电子资源:
ISBN: 978-7-300-11777-5
000 00994nam0 2200277 45
001 1130717296
005 20110310092529.06
010    @a978-7-300-11777-5@dCNY35.00
100    @a20110121d2010 em y0chiy50 ea
101 0  @achi
102    @aCN@b110000
105    @ay z 000yy
106    @ar
200 1  @a专门档案管理@AZhuan Men Dang An Guan Li@f王英玮主编@FWang Ying Wei Zhu Bian
205    @a2版
210    @a北京@c中国人民大学出版社@d2010
215    @a372页@d23cm
300    @a普通高等教育“十一五”国家级规划教材 21世纪档案学系列教材
330    @a本书内容包括:专门档案概述、专门档案管理工作、会计档案与会计档案管理、人事档案与人事档案管理、审计档案与审计档案管理、标准档案与标准档案管理、测绘档案与测绘档案管理、律师业务档案与律师业务档案管理等。
606 0  @a档案@x档案管理@x高等教育@j教材
606 0  @a档案
606 0  @a档案管理
690    @aG275.9@v4
701  0 @a王英玮@AWang Ying Wei@4主编
801  0 @aCN@bTANGWEI@c20110310
905    @b0531641-44@dG275.9@e60=2@f4
    
    专门档案管理/王英玮主编.-2版.-北京:中国人民大学出版社,2010
    372页;23cm
    普通高等教育“十一五”国家级规划教材 21世纪档案学系列教材
    
    ISBN 978-7-300-11777-5:CNY35.00
    本书内容包括:专门档案概述、专门档案管理工作、会计档案与会计档案管理、人事档案与人事档案管理、审计档案与审计档案管理、标准档案与标准档案管理、测绘档案与测绘档案管理、律师业务档案与律师业务档案管理等。
●
相关链接 在E读中查询图书 在五车中查询图书 在当当中查询图书 在豆瓣中查询图书


正题名:专门档案管理     索取号:G275.9/60=2         预约/预借

序号 登录号 条形码 馆藏地/架位号 状态 备注
1 0531641   205316415   第一样本阅览室/ [索取号:G275.9/60=2] 在馆    
2 0531642   205316424   第四借阅区/ [索取号:G275.9/60=2] 在馆    
3 0531643   205316433   第四借阅区/ [索取号:G275.9/60=2] 在馆    
4 0531644   205316442   第四借阅区/ [索取号:G275.9/60=2] 在馆    
唐山师范学院图书馆 欢迎您!
大连网信软件有限公司© 版权所有